[Event "91st GER-ch 2020"]
[Site "Magdeburg"]
[Date "2020.08.16"]
[Round "1.1"]
[White "Florstedt, Johannes"]
[Black "Bindrich, Falko"]
[Result "1/2-1/2"]
[WhiteElo "2350"]
[BlackElo "2605"]
[Annotator "TA"]
[PlyCount "105"]
[EventDate "2020.08.16"]
[EventType "swiss"]
[EventCountry "GER"]
[SourceTitle "playchess.com"]
[Source "ChessBase"]
[SourceQuality "1"]

{[%evp 10,105,28,22,31,20,20,14,23,19,10,16,16,10,17,0,22,-20,-18,-14,0,-52,-25,-15,0,0,0,0,0,0,0,5,4,7,6,5,8,0,0,0,0,0,35,35,34,29,29,40,31,0,38,35,29,0,0,2,57,52,48,40,74,9,79,13,98,91,73,91,66,0,0,0,0,0,0,0,0,0,0,0,0,0,0,0,0,0,0,0,0,0,0,0,0,0,0,0,0,0]} 1. e4 c6 2. Nf3 d5 3. Nc3 dxe4 4. Nxe4 Nf6 5. Qe2 Nxe4 6. Qxe4 Nd7 {B11: Caro-Kann: Two Knights Variation.} 7. Bc4 Nf6 8. Ne5 {[%csl Ge5][%cal Rc4f7] [#]} e6 9. Qe2 b5 10. Bb3 Qc7 11. d4 Bd6 12. a4 b4 13. O-O O-O 14. Re1 a5 {[#]} 15. h4 $146 ({White should play} 15. Bf4 $11) ({Predecessor:} 15. Qf3 Bb7 16. Qg3 Nd5 17. Qh4 c5 18. Bc4 Be7 19. Qg4 Nf6 20. Qg3 Ne4 21. Qg4 Nf6 22. Qg3 Ne4 23. Qg4 Nf6 {½-½ (23) Kosteniuk,A (2483)-Muzychuk,M (2552) Monaco 2019}) 15... Ba6 16. Bc4 Bxc4 17. Nxc4 Be7 18. Qf3 Nd5 19. Bg5 c5 20. Bxe7 Nxe7 21. dxc5 Qxc5 22. b3 Nf5 23. Re5 Qc7 $1 24. Qf4 Ne7 {aiming for ...Ng6.} 25. Qg3 Qd8 26. h5 Nf5 27. Qg4 Qc7 28. Qf4 Qd8 29. Qg4 h6 30. Rd1 Qc7 31. g3 Ne7 32. Rd6 Rfd8 (32... Nd5 $11) 33. Rxd8+ $1 $14 Qxd8 34. Rb5 Nd5 35. Qf3 (35. Qd4 $16) 35... Qc7 (35... Ra7 $1 $11) 36. Kg2 (36. Qe4 $16) 36... Ra6 (36... Ra7 $11 {remains equal.}) 37. Qe4 $16 Ra8 38. Qe5 {Qxc7 is the strong threat.} Qc6 39. Rb8+ (39. f3 $14) 39... Kh7 $1 $11 {( -> ...Nf4+!). The position is equal.} 40. Kg1 f6 41. Qe4+ f5 42. Qe5 Rxb8 43. Qxb8 Nc3 44. Ne5 {Nf7 would kill now.} Ne2+ $1 {[%mdl 64] [#] Discovered Attack} 45. Kh2 Qc5 46. Nd3 $1 {[%cal Rd3c5]} Qc6 47. Ne5 {White threatens Nf7 and mate.} Qc5 48. Nd3 $1 {[%cal Rd3c5]} Qxc2 49. Qe8 $1 Qxd3 50. Qg6+ Kh8 {And now ...Qd7 would win.} 51. Qe8+ Kh7 {White must now prevent ...f4.} 52. Qg6+ Kh8 {Strongly threatening ...Qd7.} 53. Qe8+ {Accuracy: White = 81%, Black = 79%.} 1/2-1/2

[Event "91st GER-ch 2020"]
[Site "Magdeburg"]
[Date "2020.08.16"]
[Round "1.2"]
[White "Graf, Alexander"]
[Black "Ehmann, Thilo"]
[Result "1-0"]
[WhiteElo "2569"]
[BlackElo "2329"]
[Annotator "TA"]
[PlyCount "132"]
[EventDate "2020.08.16"]
[EventType "swiss"]
[EventCountry "GER"]
[SourceTitle "playchess.com"]
[Source "ChessBase"]
[SourceQuality "1"]

{[%evp 21,132,48,60,74,66,56,68,40,118,116,106,81,180,107,224,68,87,76,76,74,449,458,420,252,261,263,420,410,296,341,300,67,72,48,58,58,72,30,55,15,16,10,17,0,105,0,0,0,55,0,0,0,0,-56,0,0,0,0,0,0,0,0,0,0,0,0,5553,5093,2225,2266,5540,5527,5514,5335,5077,3719,5089,5089,5089,3622,2977,2252,2014,1737,1583,1381,29973,29974,29974,29975,29975,29976,29976,29977,29977,29978,29978,29979,29979,29980,29980,29981,29980,29978,29978,29979,29979,29980,29980,29981,29981,29982,29981]} 1. Nf3 c5 2. c4 Nf6 3. Nc3 d5 4. cxd5 Nxd5 5. e3 e6 6. d4 cxd4 7. exd4 Nxc3 8. bxc3 Be7 9. Bd3 Nc6 10. Qc2 $5 {[%mdl 4] A promising side line.} h6 11. O-O O-O 12. Qe2 {B22: Sicilian: 2 c3.} Re8 {[#]} 13. Bf4 $146 ({Predecessor:} 13. Rb1 Qc7 14. Rb5 f5 15. Bd2 Bd7 16. Rfb1 b6 17. Re1 a6 18. Rbb1 b5 19. c4 Bf6 {½-½ (33) Masic,P (2399)-Sebez,M (2250) Backa Palanka 2001}) 13... Bd6 14. Ne5 {White is slightly better.} Nxe5 (14... Qc7 $14) 15. dxe5 $16 Bf8 16. Rad1 (16. Rfd1 {seems wilder.} Qe7 17. Bc2 g6 18. Qe3 Qc7 19. Ba4) 16... Qe7 {[#]} (16... Bd7 $16) 17. Bc2 ({Better is} 17. Qg4 $1 $18) 17... Rd8 (17... g6 $16) 18. Qg4 $2 $40 {[%mdl 128] White mounts an attack.} ({White should play} 18. Rxd8 $18 Qxd8 19. Rd1) 18... Rxd1 $14 19. Rxd1 {Strongly threatening Bxh6.} (19. Bxd1 $6 g6 $11) 19... g6 20. h4 {aiming for h5.} Bg7 $2 {[%mdl 8192]} (20... Bd7 $16 {is tougher.}) 21. h5 $18 g5 22. Be3 Bd7 23. Qe4 Bb5 (23... Be8 $142 24. f4 Qc7) 24. c4 Be8 25. Rd6 Rc8 {[#]} 26. c5 $2 ({Don't do} 26. Bxa7 $6 b5 $18) (26. Bd2 $1 $18) 26... Bc6 $14 27. Qh7+ Kf8 28. Be4 Bxe4 29. Qxe4 Qc7 30. g3 Kg8 31. f4 gxf4 32. gxf4 Kh8 (32... Bf8 $11 {keeps the balance.}) 33. f5 (33. Qa4 $16) 33... Rg8 $11 {...Bxe5+ is the strong threat.} 34. Kf1 Bf8 (34... exf5 $11 35. Qxf5 Qa5) 35. Ke2 (35. Qd4 $14) 35... Qa5 36. fxe6 Qxa2+ {[%mdl 64] Double Attack} 37. Bd2 (37. Ke1 $11 Qa1+ 38. Ke2 Qa2+ 39. Bd2) 37... Bxd6 (37... fxe6 $15 38. Rd7 Qa6+ 39. Qd3 Rg2+ 40. Kf1 Qxd3+ 41. Rxd3 Rg7) 38. exd6 $15 {[%mdl 4096] Endgame KQR-KQB} Qa6+ 39. Kf2 Qa1 {And now ...Qg1+ would win.} 40. exf7 Qg1+ 41. Ke2 {Intending Bc3+ and mate.} Rg2+ 42. Kd3 Qb1+ $1 (42... Rg3+ 43. Be3 $18) 43. Kc3 Rg3+ $2 {[%mdl 8192] Black is on the road to losing.} (43... Qxe4 $11 44. f8=Q+ Kh7 45. Qxh6+ Kg8) 44. Kd4 $18 Qb2+ 45. Kd5 Qb3+ 46. Qc4 {Qxb3 would kill now.} Rd3+ 47. Ke5 Qxc4 48. f8=Q+ {[%mdl 64] Double Attack. KQR-KQB} Kh7 49. Qxh6+ Kg8 50. Qg5+ Kh7 51. Qe7+ Kg8 52. Qd8+ Kh7 53. Qc7+ Kg8 54. Qc8+ {White mates.} Kh7 55. Qxb7+ {[%mdl 64] Double Attack} Kg8 56. Qa8+ Kh7 57. Qxa7+ Kg8 58. Qb8+ Kh7 59. Qc7+ Kg8 60. Qc8+ Kh7 61. Qf5+ Kh8 62. Kf6 Rg3 63. Bg5 Qg8 64. d7 Qg7+ 65. Ke6 Qg8+ 66. Qf7 Qxg5 {Accuracy: White = 68%, Black = 61%.} 1-0

[Event "91st GER-ch 2020"]
[Site "Magdeburg"]
[Date "2020.08.16"]
[Round "1.3"]
[White "Voege, Tobias"]
[Black "Mons, Leon"]
[Result "1/2-1/2"]
[WhiteElo "2326"]
[BlackElo "2540"]
[Annotator "TA"]
[PlyCount "120"]
[EventDate "2020.08.16"]
[EventType "swiss"]
[EventCountry "GER"]
[SourceTitle "playchess.com"]
[Source "ChessBase"]
[SourceQuality "1"]

{[%evp 22,120,-25,-20,-17,-18,-10,-20,-9,-30,-27,-37,-33,-33,-33,-33,0,-33,-39,-59,-66,-73,-73,-73,-73,-73,-73,-72,-75,-75,-71,-93,-87,-92,-94,-81,-80,-98,-101,-85,-48,-28,-41,-95,-73,-87,-42,-484,-452,-746,-792,-787,-780,-773,-716,-737,-732,-732,-709,-642,-570,-709,-709,-1078,-949,-702,-589,-911,-126,-126,-8,-8,-8,-8,-8,-8,-8,-8,-8,-8,-8,-8,-8,-8,-8,-8,-8,-8,-8,-8,-8,-8,-8,-8,-8,-8,-8,-8,-8,-8,-8]} 1. d4 Nf6 2. c4 e6 3. Nf3 b6 4. Nc3 Bb4 5. Bg5 h6 6. Bh4 g5 7. Bg3 Ne4 8. Qc2 Bb7 9. e3 f5 10. Bd3 Bxc3+ 11. bxc3 d6 12. d5 Na6 {E13: Queen's Indian/Nimzo-Indian hybrid: 4 Nc3 Bb7 5 Bg5 h6 6 Bh4 Bb4.} 13. Bxe4 fxe4 14. Qxe4 {Qg6+ is the strong threat.} Qf6 15. O-O O-O-O 16. Qxe6+ Qxe6 17. dxe6 Bxf3 18. gxf3 Nc5 19. f4 gxf4 20. Bxf4 Rdg8+ 21. Kh1 Nxe6 22. Bg3 h5 {[%mdl 1024] [#] Black has strong compensation.} 23. f3 $146 ({Predecessor:} 23. f4 Nc5 24. Bf2 Ne4 25. Be1 h4 26. Rd1 h3 27. Rd4 Re8 28. a3 Kd7 29. Rf3 {0-1 (50) Prystenski,A (2251)-Roehl Montes,J ICCF email 2015}) 23... h4 24. Be1 h3 25. Bg3 Rh5 26. Rae1 Rc5 27. e4 Rxc4 28. Re3 Nc5 29. Rd1 Na4 30. Rdd3 Rg5 31. e5 $1 dxe5 32. Rxe5 (32. Bxe5 $15 Nc5 33. Rd4 Rxd4 34. cxd4) 32... Rxe5 $17 33. Bxe5 $11 {[%mdl 4096] Endgame KRB-KRN} Nc5 34. Rd4 $2 {[%mdl 8192]} (34. Re3 $1 $15) 34... Rxc3 $19 35. Rd8+ (35. Rd1 $142 Rxf3 36. Kg1) 35... Kxd8 {[%cal Rc3c1]} 36. Bxc3 {KB-KN} Nd3 37. Kg1 Kd7 38. Kf1 Ke6 39. Bd2 Kf5 40. Ke2 Ne5 41. Kf2 c5 42. Kg3 b5 43. Be3 c4 44. Bxa7 {[#]} c3 $2 (44... b4 $1 $19 45. Bc5 Nd3) 45. Be3 $17 {[#]} Nd3 (45... b4 $1 $17 {aiming for ...c2.} 46. Kxh3 Nxf3) 46. Kxh3 $11 {The position is equal.} b4 {Strongly threatening ...Kg6.} 47. Kg2 c2 48. Kf1 $1 c1=Q+ 49. Bxc1 Nxc1 50. Ke1 Nxa2 {White must now prevent ...Kf4. KN-KPP} 51. Kd2 Ke5 (51... b3 {feels hotter.} 52. h4 Kf4 53. Kd3 Kxf3 54. h5 b2) 52. Kc2 Nc3 (52... Kd4 $5 53. Kb3 $8 Kd3 $11) 53. Kb3 Nd5 {Threatens to win with ...Kd4.} 54. Kc4 Kf5 55. h4 Kf4 56. Kb3 Kxf3 {( -> ...Kg4)} 57. h5 Nf6 58. h6 Kf4 59. Kxb4 Kg5 60. h7 Nxh7 {Black had all chances to win. Accuracy: White = 72%, Black = 85%.} 1/2-1/2

[Event "91st GER-ch 2020"]
[Site "Magdeburg"]
[Date "2020.08.16"]
[Round "1.4"]
[White "Engel, Luis"]
[Black "Schulz, Lukas"]
[Result "1-0"]
[WhiteElo "2532"]
[BlackElo "2293"]
[Annotator "TA"]
[PlyCount "45"]
[EventDate "2020.08.16"]
[EventType "swiss"]
[EventCountry "GER"]
[SourceTitle "playchess.com"]
[Source "ChessBase"]
[SourceQuality "1"]

{[%evp 11,45,32,28,29,30,21,92,89,139,139,137,103,138,139,138,131,131,127,138,123,209,209,255,258,454,328,419,101,478,479,1071,1014,916,882,1289,1239]} 1. e4 c5 2. Nf3 Nc6 3. Bb5 g6 4. Bxc6 dxc6 5. d3 Bg7 6. h3 e5 7. a4 {B31: Sicilian: 2...Nc6 3 Bb5 g6.} a5 8. Na3 {[#]} Qe7 $146 (8... Qc7 $11) ({Predecessor:} 8... f6 9. Be3 b6 10. Qd2 Ne7 11. Nc4 Be6 12. b3 h6 13. Qc3 O-O 14. O-O g5 {0-1 (40) Bielecki,P (2120)-Cori,J (2636) Sitges 2017}) 9. Nc4 $16 {White is better.} Ra6 10. Bd2 Nf6 11. O-O ({Don't take} 11. Bxa5 $6 b5 $14) 11... O-O 12. Ncxe5 Nxe4 13. dxe4 {[#] Hoping for Bc3.} Bxe5 14. Nxe5 Qxe5 {[%mdl 64] Double Attack} 15. Bc3 Qxe4 (15... Qf4 $16) 16. Re1 $18 Qf4 {[#]} 17. g3 $1 {[%cal Rg3f4]} Qf5 $2 (17... Qc7 18. Qf3 f6) 18. Qd2 {Intending Qh6 and mate.} Qxh3 19. Re4 $2 $40 {[%mdl 128] Black is in trouble.} (19. Qd6 $18 {has better winning chances.} Qf5 20. Re7) 19... b5 $2 {[%mdl 8192] Black cannot hold the game after this.} (19... Ra8 $16) 20. Rae1 {Threatening mate with Re8.White is clearly winning.} b4 (20... Ra8 $142 21. Qd6 {[%mdl 64] Double Attack} Be6) 21. Bf6 {Re8 would kill now.} Qf5 22. Be7 {White wants to mate with Qh6.} Be6 23. g4 {Accuracy: White = 79%, Black = 22%.} 1-0

[Event "91st GER-ch 2020"]
[Site "Magdeburg"]
[Date "2020.08.16"]
[Round "1.5"]
[White "Mueller, Dominik"]
[Black "Parvanyan, Ashot"]
[Result "0-1"]
[WhiteElo "2252"]
[BlackElo "2449"]
[Annotator "TA"]
[PlyCount "72"]
[EventDate "2020.08.16"]
[EventType "swiss"]
[EventCountry "GER"]
[SourceTitle "playchess.com"]
[Source "ChessBase"]
[SourceQuality "1"]

{[%evp 24,72,28,22,28,28,27,-23,-36,-31,-31,-23,0,-22,-18,-27,-22,-217,-121,-101,-62,-114,-124,-144,-141,-190,-205,-295,-279,-286,-280,-411,-281,-259,-268,-337,-337,-343,-338,-339,-280,-285,-261,-268,-251,-379,-361,-459,-441,-466,-416]} 1. c4 Nf6 2. Nc3 g6 3. g3 Bg7 4. Bg2 O-O 5. Nf3 d6 6. d3 e5 7. Rb1 a5 8. O-O Nc6 9. a3 {[%cal Ba2a3,Ba3b4,Bb4b5,Bb5b6][%mdl 32]} h6 10. b4 axb4 11. axb4 Be6 12. b5 Ne7 13. Qb3 Qc8 {A26: English Opening vs King's Indian with ...Nc6 and d3.} 14. Ba3 Qd7 {[#]} 15. b6 $146 ({Predecessor:} 15. Rfd1 Bh3 16. Bh1 b6 17. d4 exd4 18. Nxd4 Rae8 19. Qc2 Ng4 20. Nd5 Nxd5 21. cxd5 Qe7 22. e4 f5 23. Ne6 fxe4 24. Nxf8 Rxf8 25. Qxe4 {0-1 (25) Roktim,B (2330)-Magerramov,E (2565) Andorra 1998}) 15... c6 {Black has an edge.} 16. Ra1 Rfd8 17. Nd2 Bh3 18. Nde4 Ne8 19. Bxh3 Qxh3 20. f4 $2 (20. Ra2 $11) 20... Qe6 (20... exf4 $19 21. Rxf4 Nf5) 21. fxe5 $17 Bxe5 {Strongly threatening ...Nf5.} 22. Bb2 (22. e3 $15) 22... Rxa1 23. Rxa1 {[#]} Nf5 $1 {[%cal Be7f5,Bf5d4,Bd4e2][%mdl 32]} 24. Nd1 Nd4 {[%mdl 64] Double Attack} 25. Qa4 (25. Qa2 $142) 25... Nxe2+ $19 26. Kg2 f5 27. Nef2 (27. Bxe5 {was worth a try.} fxe4 28. Bb2) 27... Nf6 28. Qc2 Nd4 29. Bxd4 Bxd4 30. Ra7 Rb8 (30... Bxb6 31. Rxb7 Bd4 32. Qa4 $19) 31. Qa2 {If only White now had time for Rxb7!...} Nd7 ({Not} 31... Bxb6 {[#]} 32. Rxb7 $1 {[%mdl 512]} Rxb7 33. Qa8+ Qe8 34. Qxb7 $17) 32. Ra8 Qe8 ({Much less strong is} 32... Bxb6 33. Rxb8+ Nxb8 34. Qa8 $17) 33. Rxb8 Qxb8 ({Resist} 33... Nxb8 34. Qa8 $17) 34. c5+ (34. Qd2 $142) 34... d5 35. Qe2 {Qe6+ is the strong threat.} Qe5 36. Qa2 Bxc5 {Accuracy: White = 47%, Black = 68%.} 0-1

[Event "91st GER-ch 2020"]
[Site "Magdeburg"]
[Date "2020.08.16"]
[Round "1.6"]
[White "Dobrikov, Marco"]
[Black "Stern, Rene"]
[Result "1-0"]
[WhiteElo "2290"]
[BlackElo "2526"]
[Annotator "TA"]
[PlyCount "81"]
[EventDate "2020.08.16"]
[EventType "swiss"]
[EventCountry "GER"]
[SourceTitle "playchess.com"]
[Source "ChessBase"]
[SourceQuality "1"]

{[%evp 20,81,0,-1,-2,-4,8,10,10,12,3,-1,74,67,82,85,132,141,160,153,148,139,321,350,333,334,329,238,552,549,518,497,529,526,568,547,522,536,849,827,1305,1386,1305,1248,6212,5098,1585,290,283,280,270,280,278,274,270,253,235,196,598,599,593,593,1110,1109]} 1. e4 e5 2. Nf3 Nc6 3. Bc4 Nf6 4. Ng5 d5 5. exd5 Na5 6. Bb5+ c6 7. dxc6 bxc6 8. Be2 h6 9. Nh3 Bd6 10. Nc3 O-O 11. d3 Nd5 {C59: Two Knights: 4 Ng5 d5 5 exd5 Na5 5 Bb5+ c6 6 dxc6 bxc6 7 Be2.} 12. O-O Nxc3 13. bxc3 Qh4 {The position is equal.} 14. Kh1 Re8 {[#]} 15. Be3 $146 ({Predecessor:} 15. Rb1 Bc7 16. Rb4 e4 17. Nf4 Bxf4 18. g3 Qf6 19. Bxf4 exd3 20. cxd3 c5 21. Rb5 {½-½ (31) De Bari,V (2418)-Salvatore,C (2273) ICCF email 2011}) 15... Bxh3 (15... e4 $11 {remains equal.} 16. dxe4 Rd8) 16. gxh3 $16 f5 17. Rg1 f4 18. Rg4 Qf6 19. Bd2 e4 20. Qg1 {Hoping for Rg6.} Be5 $2 (20... Qf7 $16 21. c4 Nb7) 21. d4 $1 $18 {[%cal Rd4e5]} ({Weaker is} 21. dxe4 Rad8 $16) 21... Bc7 22. Rg6 Qf7 {[#]} 23. Qg4 $1 {Strongly threatening Rg1.} Kh7 $2 (23... Kh8 24. Rg1 Re7) 24. Rg1 {[%cal Rg6g7]} Rg8 25. f3 Raf8 26. fxe4 f3 {Threatens to win with ...f2.} 27. Bd3 {Threatening mate with e5.} f2 {[#]} 28. Rf1 $1 Nc4 29. e5 {[%csl Gd2][%cal Rg6h6]} Nxd2 30. Rxg7+ {[%mdl 64] Double Attack} Kh8 31. Rxf7 Rxf7 {[#]} 32. Qh5 $1 Kg7 33. Qxf7+ $2 (33. Qg6+ Kf8 34. Qxh6+ {[%mdl 64] Double Attack} Rgg7 35. Qxd2 Rg1+ 36. Rxg1 fxg1=Q+ 37. Kxg1) 33... Kxf7 34. Rxf2+ {[%mdl 64] Double Attack} Ke7 35. Rxd2 {[%mdl 4096] Endgame KRB-KRB} Ba5 36. Be4 Bxc3 37. Rd3 Ba1 38. Bxc6 {aiming for c3.} Rd8 $2 (38... Rc8 {is more resistant.}) 39. c3 {White is clearly winning.} Rb8 40. d5 Rb1+ 41. Kg2 {Black got outplayed after the opening. Accuracy: White = 86%, Black = 47%.} 1-0

[Event "91st GER-ch 2020"]
[Site "Magdeburg"]
[Date "2020.08.16"]
[Round "1.7"]
[White "Heinemann, Thies"]
[Black "Bastian, Herbert"]
[Result "1-0"]
[WhiteElo "2507"]
[BlackElo "2272"]
[Annotator "TA"]
[PlyCount "101"]
[EventDate "2020.08.16"]
[EventType "swiss"]
[EventCountry "GER"]
[SourceTitle "playchess.com"]
[Source "ChessBase"]
[SourceQuality "1"]

{[%evp 19,101,34,37,-10,-6,-1,18,8,0,3,7,16,15,-45,-27,-96,-83,-112,-118,-105,-108,-111,-104,-203,0,0,0,0,0,0,0,0,0,0,0,0,0,0,0,0,0,0,0,0,0,0,9,0,12843,37,37,27,118,113,119,52,52,0,2,0,0,0,0,0,0,0,0,0,0,0,0,0,0,0,0,0,0,0,141,141,142,143,201,188]} 1. e4 e5 2. Nf3 Nc6 3. Bb5 Nf6 4. d3 d6 5. c3 g6 6. O-O Bg7 7. Re1 O-O 8. Nbd2 Nd7 9. Nf1 a6 10. Ba4 Nc5 11. Bxc6 {C77: Ruy Lopez: 3...a6 4 Ba4 Nf6, unusual lines.} bxc6 12. d4 exd4 13. cxd4 {The position is equal.} Ne6 14. d5 cxd5 15. exd5 Nc5 16. Nd4 (16. Bg5 $11 Qd7 17. Re7) 16... Bb7 17. Ne3 (17. Be3 $11) 17... Re8 18. b4 {[#]} Na4 $146 {[%cal Ra4c3][%mdl 576] Deflection} ({Predecessor:} 18... Ne4 19. Bb2 Qd7 20. Rc1 Re7 21. Qc2 Bh6 22. Nc6 Ree8 23. Qd3 Bxc6 24. Rxc6 Qe7 {½-½ (39) Petriashvili,N (1508)-Talalov,A (1707) Maribor 2012}) 19. Qxa4 {Strongly threatening Bb2.} Bxd4 20. Rb1 {[#]} Bxd5 $1 {[%mdl 512] Threatens to win with ...Qh4.} 21. Rd1 (21. Qd1 $17 Qh4 22. Bb2 Bxe3 23. fxe3 Bxa2 24. Ra1) (21. Nxd5 Rxe1#) 21... Qg5 $2 ({Black should try} 21... Qh4 $19 {...Rxe3! is the strong threat.} 22. Qc2 Be4) 22. Nxd5 $11 ({Don't blunder} 22. Rxd4 $2 Rxe3 $1 {[%mdl 512]} 23. f3 Bxf3 $19) 22... Qxd5 {[#]} 23. Be3 $1 $36 {[%mdl 2560] White has some pressure.} c5 (23... Bxe3 24. Rxd5) 24. bxc5 dxc5 25. Bxd4 cxd4 26. Rxd4 Qf5 27. Rf1 Re2 28. h4 Qe6 29. a3 h5 30. Rf4 Rc8 31. Qd4 Ra2 32. a4 Qe2 33. Rb1 {Hoping for Rxf7!} Rf8 $2 {[%mdl 8192] [#]} (33... Rac2 $11) 34. Kh2 $2 ({Only move:} 34. Rxf7 $1 $18 {[%csl Gf7][%cal Rd4g7][%mdl 512]} Qxf2+ (34... Rxf7 35. Rb8+) 35. Rxf2 Raxf2 36. Qxf2 Rxf2 37. Kxf2) 34... Rd2 $14 35. Qf6 Rd7 (35... Qe6 $1 $11) 36. Rb6 $16 Ra7 37. Qd6 (37. Qd4 $16) 37... Re8 $14 38. Rb8 Rae7 39. g3 Rxb8 40. Qxb8+ $11 {[%mdl 4096] Endgame KQR-KQR} Kg7 41. Qb6 Re6 42. Qa7 Re7 43. Qd4+ Qe5 44. Qd8 Re6 45. Kg2 Rd6 46. Qc7 Qd5+ 47. Kh2 Rd7 48. Qc3+ Kg8 (48... Kh7 $11 {keeps the balance.}) 49. Qc8+ $16 {White is clearly better.} Kg7 50. Qxa6 Rc7 (50... Rd6 $16 51. Qe2 Rb6) 51. Qf6+ {Accuracy: White = 68%, Black = 81%.} 1-0

[Event "91st GER-ch 2020"]
[Site "Magdeburg"]
[Date "2020.08.16"]
[Round "1.8"]
[White "Siebrecht, Sebastian"]
[Black "Trifan, Andrei Ioan"]
[Result "1-0"]
[WhiteElo "2429"]
[BlackElo "2249"]
[Annotator "TA"]
[PlyCount "59"]
[EventDate "2020.08.16"]
[EventType "swiss"]
[EventCountry "GER"]
[SourceTitle "playchess.com"]
[Source "ChessBase"]
[SourceQuality "1"]

{[%evp 20,59,50,50,53,22,16,0,45,18,175,172,399,412,394,386,877,862,858,822,886,785,747,309,317,325,325,310,310,317,352,361,372,364,368,339,1459,1427,1358,1316,1325,1310]} 1. d4 Nf6 2. c4 g6 3. Nc3 Bg7 4. e4 d6 5. Nge2 O-O 6. Ng3 c5 7. d5 e6 8. Be2 exd5 9. cxd5 a6 10. a4 Nbd7 11. O-O Re8 {A65: Modern Benoni: 6 e4.} 12. f4 Rb8 {[#]} 13. Ra3 $146 ({Predecessor:} 13. h4 h5 14. e5 dxe5 15. f5 Nb6 16. Bg5 Nbxd5 17. fxg6 Nxc3 18. bxc3 Qxd1 19. Raxd1 Re6 20. Rd8+ {1-0 (20) Matveev,V (2368)-Bommini,M (2029) chess.com INT 2020}) 13... Qc7 {The position is equal.} (13... c4 $5) 14. Bc4 h5 $2 {[#] Now Black is done in.} (14... Nb6 $11 15. Be2 Nbd7) 15. e5 $1 $18 {[%mdl 512]} dxe5 $2 (15... Nxe5 {is a better defense.} 16. fxe5 {[%mdl 64] Discovered Attack} Rxe5) 16. f5 Nb6 17. d6 Qc6 $2 (17... Qd7) 18. Bxf7+ {[%mdl 64] Remove Defender} Kxf7 19. fxg6+ Ke6 20. Nf5 Rg8 21. Ne7 (21. Bg5 $142 Nbd5 22. Qc2) 21... Qxd6 22. Qxd6+ ({Weaker is} 22. Nxg8 Qxd1 23. Rxd1 Nxg8 $14) 22... Kxd6 23. Nxg8 Nxg8 24. Rf7 Bh6 25. Bxh6 Nxh6 26. Rf8 Kc7 27. g7 Nc4 $2 (27... Bg4 28. h3 Bf5) 28. Nd5+ {White is clearly winning.} Kd6 29. Rg3 Kxd5 30. Rg6 {Accuracy: White = 77%, Black = 36%.} 1-0

[Event "91st GER-ch 2020"]
[Site "Magdeburg"]
[Date "2020.08.16"]
[Round "1.9"]
[White "Weber, Max"]
[Black "Dubiel, Jacek"]
[Result "0-1"]
[WhiteElo "2243"]
[BlackElo "2414"]
[Annotator "TA"]
[PlyCount "78"]
[EventDate "2020.08.16"]
[EventType "swiss"]
[EventCountry "GER"]
[SourceTitle "playchess.com"]
[Source "ChessBase"]
[SourceQuality "1"]

{[%evp 11,78,27,16,0,40,41,43,15,20,12,17,-16,-20,-29,50,-25,-27,-21,-19,-21,-21,-18,-10,-8,0,0,14,18,12,17,11,0,0,0,0,-11,-10,-10,-10,-9,0,0,0,0,0,14,36,0,0,-48,-33,-662,79,79,80,80,83,0,0,0,0,0,0,0,0,0,3,0,0]} 1. d4 d5 2. c4 e6 3. Nf3 Nf6 4. g3 dxc4 5. Bg2 c6 6. Ne5 Bb4+ 7. Bd2 {E04: Open Catalan: 5 Nf3.} Be7 8. e3 b5 {[%cal Bb7b5,Bb5b4][%mdl 32]} 9. a4 {axb5 is the strong threat.White is slightly better.} b4 $1 10. Nxc4 Nbd7 {[#]} 11. O-O $146 ({Predecessor:} 11. b3 Ba6 12. Bc1 Rc8 13. Bb2 c5 14. Nbd2 O-O 15. O-O cxd4 16. Bxd4 Nc5 17. Rc1 {½-½ (28) Yu,Y (2738)-Caruana,F (2819) Stavanger 2019}) 11... Ba6 12. Qb3 Rb8 (12... O-O $11) 13. Rd1 (13. Bxc6 $14 O-O 14. Bb5) 13... c5 $11 14. Be1 Qc7 15. Nbd2 O-O 16. Rac1 cxd4 17. exd4 Rbc8 18. Rc2 Nb6 {[%cal Rb6c4]} 19. Rdc1 Qd8 20. Nxb6 Qxb6 21. Rxc8 Rxc8 22. Rxc8+ Bxc8 23. Nc4 Qxd4 {next ...Qc5 is good for Black.} 24. Bxb4 Bxb4 25. Qxb4 h5 {Threatens to win with ...Ng4.} 26. b3 Ng4 27. Qd2 $36 {[%mdl 2048] White has the initiative.} Qa1+ 28. Bf1 {Strongly threatening h3.} Ba6 29. Qd8+ Kh7 30. Qa5 Bxc4 {[%csl Gc4][%cal Ra1f1]} 31. Qxh5+ $2 {[%mdl 8192] [#]} (31. bxc4 $15 Qd4 32. Qe1) 31... Nh6 $2 (31... Kg8 $1 $19 {[%csl Gc4][%cal Ra1f1]} 32. bxc4 {[#]} Qd4 $1 {[%mdl 512]}) 32. bxc4 $16 Qxa4 33. c5 g6 34. Qf3 ({White should play} 34. Qh4 $16 Qd7 35. Qc4) 34... Qc2 $11 {The position is equal.} 35. c6 a5 {[%cal Ba7a5,Ba5a4,Ba4a3][%mdl 32]} 36. Bd3 Qc1+ 37. Kg2 a4 {aiming for ...a3.} 38. Qe4 a3 {Hoping for ...a2.} 39. Bc4 Nf5 {[%mdl 32768] Accuracy: White = 67%, Black = 78%. . Loss on time!?} 0-1